01014nam a22001457a 4500008004100000020001500041050001500056100002200071245005500093250001200148260003400160300002400194500002000218505063000238150512b xxu||||| |||| 00| 0 eng d a040664165x aKD1480.P48 aPettit, Philip H. aEquity and the law of trusts. /cPhilip H. Pettit. a4th ed. aLondon:bButterworths,c1979. alviii, 594p.:c24cm aIncludes index. aContents: History of the court of chancery and introduction to equity -- The Definition and classification of trusts -- Express trusts -- Implied, resulting and constructive trusts -- Void and voidable trusts -- Charitable trusts -- The Administration of charities -- Trustees appointment and determination of appointment -- Duties and disabilities of trustees-i -- Duties and disabilities of trustees-ii -- Powers of trustees -- Breach of trust -- Injunctions -- Specific performance -- Other equitable remedies -- Conversion and reconversion -- Satisfaction, ademption and performance -- The Equitable doctrine of election.